Receiving Leaders - Statistics

General Stats
  • This quiz has been taken 2 times
  • The average score is 5 of 59
Answer Stats
Year Player % Correct
2024 Ja'Marr Chase
100%
1995 Jerry Rice
50%
1994 Jerry Rice
50%
1993 Jerry Rice
50%
1990 Jerry Rice
50%
1989 Jerry Rice
50%
2022 Justin Jefferson
50%
1991 Michael Irvin
50%
1981 Alfred Jenkins
0%
2009 Andre Johnson
0%
2008 Andre Johnson
0%
2017 Antonio Brown
0%
2014 Antonio Brown
0%
1998 Antonio Freeman
0%
1967 Ben Hawkins
0%
2010 Brandon Lloyd
0%
2012 Calvin Johnson
0%
2011 Calvin Johnson
0%
2006 Chad Johnson
0%
1974 Cliff Branch
0%
2021 Cooper Kupp
0%
2001 David Boston
0%
1977 Drew Pearson
0%
1970 Gene Washington
0%
1973 Harold Carmichael
0%
1972 Harold Jackson
0%
1969 Harold Jackson
0%
1988 Henry Ellard
0%
1996 Isaac Bruce
0%
1986 Jerry Smith
0%
1980 John Jefferson
0%
2013 Josh Gordon
0%
1987 J.T. Smith
0%
2018 Julio Jones
0%
2015 Julio Jones
0%
1975 Ken Burrough
0%
2002 Marvin Harrison
0%
1999 Marvin Harrison
0%
2019 Michael Thomas
0%
1983 Mike Quick
0%
2004 Muhsin Muhammad
0%
1971 Otis Taylor
0%
1966 Pat Studstill
0%
2007 Reggie Wayne
0%
1997 Rob Moore
0%
1976 Roger Carr
0%
1984 Roy Green
0%
1968 Roy Jefferson
0%
2020 Stefon Diggs
0%
1992 Sterling Sharpe
0%
1985 Steve Largent
0%
1979 Steve Largent
0%
2005 Steve Smith Sr.
0%
2003 Torry Holt
0%
2000 Torry Holt
0%
2016 T.Y. Hilton
0%
2023 Tyreek Hill
0%
1982 Wes Chandler
0%
1978 Wesley Walker
0%
No matching quizzes found
Score Distribution
Percent of People with Each Score
Percentile by Number Answered
Your Score History
You have not taken this quiz